[Event "Team men PL"]
[Site "Sochi"]
[Date "2020.11.19"]
[Round "1.1"]
[White "Dubov, Daniil"]
[Black "Vitiugov, Nikita"]
[Result "1/2-1/2"]
[BlackElo "2722"]
[WhiteElo "2699"]
[LiveChessVersion "1.4.8"]

1. d4 {[%clk 1:30:56]} Nf6 {[%clk 1:30:26]} 2. c4 {[%clk 1:31:18]} g6
{[%clk 1:29:45]} 3. Nc3 {[%clk 1:31:08]} Bg7 {[%clk 1:30:02]} 4. e4
{[%clk 1:31:24]} d6 {[%clk 1:30:25]} 5. Be2 {[%clk 1:31:30]} O-O {[%clk 1:30:34]}
6. Nf3 {[%clk 1:31:35]} e5 {[%clk 1:30:39]} 7. O-O {[%clk 1:31:56]} Na6
{[%clk 1:29:57]} 8. Re1 {[%clk 1:29:52]} c6 {[%clk 1:28:46]} 9. Be3
{[%clk 1:28:49]} Re8 {[%clk 1:28:13]} 10. d5 {[%clk 1:23:33]} Ng4
{[%clk 1:27:39]} 11. Bg5 {[%clk 1:19:48]} Qb6 {[%clk 1:14:07]} 12. Rf1
{[%clk 1:09:28]} Qxb2 {[%clk 1:08:47]} 13. Na4 {[%clk 1:04:06]} Qb4
{[%clk 1:06:23]} 14. Bd2 {[%clk 0:55:49]} Qa3 {[%clk 1:06:14]} 15. Bc1
{[%clk 0:41:06]} Qb4 {[%clk 1:05:28]} 16. Bd2 {[%clk 0:41:31]} Qa3
{[%clk 1:05:54]} 17. Ng5 {[%clk 0:41:55]} Nf6 {[%clk 0:55:19]} 18. Bc1
{[%clk 0:34:33]} Qb4 {[%clk 0:55:23]} 19. Bd2 {[%clk 0:34:32]} Qa3
{[%clk 0:55:47]} 20. Bc1 {[%clk 0:34:59]} Qb4 {[%clk 0:56:12]} 21. Bd2
{[%clk 0:35:26]} Qa3 1/2-1/2

[Event "Team men PL"]
[Site "Sochi"]
[Date "2020.11.19"]
[Round "1.2"]
[White "Matlakov, Maxim"]
[Black "Riazantsev, Alexander"]
[Result "1-0"]
[BlackElo "2628"]
[WhiteElo "2685"]
[LiveChessVersion "1.4.8"]

1. e4 {[%clk 1:30:55]} c6 {[%clk 1:29:50]} 2. d4 {[%clk 1:31:12]} d5
{[%clk 1:30:19]} 3. e5 {[%clk 1:31:27]} Bf5 {[%clk 1:30:43]} 4. Nc3
{[%clk 1:30:50]} e6 {[%clk 1:21:47]} 5. g4 {[%clk 1:30:37]} Bg6 {[%clk 1:22:16]}
6. Nge2 {[%clk 1:30:56]} c5 {[%clk 1:22:28]} 7. h4 {[%clk 1:30:46]} h5
{[%clk 1:18:23]} 8. Nf4 {[%clk 1:30:34]} Bh7 {[%clk 1:18:41]} 9. Nxh5
{[%clk 1:30:31]} Nc6 {[%clk 1:00:50]} 10. dxc5 {[%clk 1:28:46]} Bxc5
{[%clk 1:01:07]} 11. Bg5 {[%clk 1:28:20]} Qc7 {[%clk 0:51:18]} 12. f4
{[%clk 1:21:42]} a6 {[%clk 0:29:37]} 13. Bd3 {[%clk 1:07:44]} Bxd3
{[%clk 0:11:13]} 14. Qxd3 {[%clk 1:01:45]} Nb4 {[%clk 0:08:26]} 15. Qe2
{[%clk 0:58:27]} Rc8 {[%clk 0:05:28]} 16. a3 {[%clk 0:44:46]} Nc6
{[%clk 0:03:00]} 17. Nxg7+ {[%clk 0:36:27]} Kf8 {[%clk 0:03:29]} 18. Nh5
{[%clk 0:36:48]} Qb6 {[%clk 0:03:43]} 19. O-O-O {[%clk 0:25:42]} Na5
{[%clk 0:04:09]} 20. Na4 {[%clk 0:25:36]} Be3+ {[%clk 0:04:18]} 21. Kb1
{[%clk 0:26:01]} Qc6 {[%clk 0:04:09]} 22. Qxe3 {[%clk 0:22:07]} Qxc2+
{[%clk 0:04:33]} 23. Ka2 {[%clk 0:22:32]} Qxa4 {[%clk 0:02:10]} 24. Rc1
{[%clk 0:22:34]} Nc4 {[%clk 0:01:22]} 25. Qf2 {[%clk 0:19:20]} Rc6
{[%clk 0:00:41]} 26. Rc3 {[%clk 0:14:06]} Ne7 {[%clk 0:00:37]} 27. f5
{[%clk 0:13:35]} exf5 {[%clk 0:00:33]} 28. Bxe7+ {[%clk 0:13:17]} Kxe7
{[%clk 0:01:02]} 29. Qxf5 {[%clk 0:13:37]} Rb6 {[%clk 0:00:32]} 30. Rh2
{[%clk 0:11:21]} Qd1 {[%clk 0:00:31]} 31. Rf2 {[%clk 0:10:50]} Rf8
{[%clk 0:01:00]} 32. Nf6 {[%clk 0:10:59]} Re6 {[%clk 0:00:48]} 33. Rd3
{[%clk 0:11:09]} Qc1 {[%clk 0:00:44]} 34. Nxd5+ {[%clk 0:11:25]} 1-0

[Event "Team men PL"]
[Site "Sochi"]
[Date "2020.11.19"]
[Round "1.10"]
[White "Makarian, Rudik"]
[Black "Smirnov, Timofey"]
[Result "1-0"]
[BlackElo "2394"]
[WhiteElo "2441"]
[LiveChessVersion "1.4.8"]

1. d4 {[%clk 1:30:57]} d5 {[%clk 1:30:44]} 2. c4 {[%clk 1:31:21]} c6
{[%clk 1:31:08]} 3. Nc3 {[%clk 1:31:47]} Nf6 {[%clk 1:30:40]} 4. e3
{[%clk 1:32:11]} g6 {[%clk 1:27:33]} 5. Nf3 {[%clk 1:32:28]} Bg7 {[%clk 1:27:45]}
6. Be2 {[%clk 1:32:15]} O-O {[%clk 1:27:22]} 7. O-O {[%clk 1:32:38]} Re8
{[%clk 1:21:43]} 8. h3 {[%clk 1:24:48]} Nbd7 {[%clk 1:18:58]} 9. cxd5
{[%clk 1:20:46]} Nxd5 {[%clk 1:18:12]} 10. e4 {[%clk 1:17:05]} N5b6
{[%clk 1:16:25]} 11. Bg5 {[%clk 1:04:58]} Nf8 {[%clk 1:10:43]} 12. Qd2
{[%clk 1:04:59]} Be6 {[%clk 1:06:58]} 13. b3 {[%clk 1:04:57]} f6 {[%clk 1:06:27]}
14. Be3 {[%clk 0:51:12]} Bf7 {[%clk 1:06:30]} 15. Qb2 {[%clk 0:42:42]} h6
{[%clk 0:49:42]} 16. Rfd1 {[%clk 0:41:44]} Qc7 {[%clk 0:42:19]} 17. Rac1
{[%clk 0:40:04]} Rad8 {[%clk 0:38:17]} 18. d5 {[%clk 0:38:53]} Qb8
{[%clk 0:35:36]} 19. dxc6 {[%clk 0:38:46]} bxc6 {[%clk 0:35:54]} 20. Rxd8
{[%clk 0:37:08]} Rxd8 {[%clk 0:36:07]} 21. Qa3 {[%clk 0:37:35]} e5
{[%clk 0:34:58]} 22. Qa6 {[%clk 0:28:22]} Nfd7 {[%clk 0:21:54]} 23. Na4
{[%clk 0:27:29]} Rc8 {[%clk 0:21:16]} 24. Nxb6 {[%clk 0:21:53]} axb6
{[%clk 0:14:51]} 25. Bb5 {[%clk 0:21:07]} Nc5 {[%clk 0:13:30]} 26. Bxc5
{[%clk 0:20:53]} cxb5 {[%clk 0:13:57]} 27. Be3 {[%clk 0:20:46]} Rxc1+
{[%clk 0:13:13]} 28. Bxc1 {[%clk 0:21:14]} Qd6 {[%clk 0:09:58]} 29. Be3
{[%clk 0:17:56]} Qd1+ {[%clk 0:07:20]} 30. Kh2 {[%clk 0:15:32]} Qc2
{[%clk 0:07:32]} 31. Qxb5 {[%clk 0:10:52]} Qxa2 {[%clk 0:07:25]} 32. Nd2
{[%clk 0:11:05]} f5 {[%clk 0:07:19]} 33. Nc4 {[%clk 0:11:25]} Qe2
{[%clk 0:05:57]} 34. Qd7 {[%clk 0:05:55]} Qc2 {[%clk 0:05:10]} 35. Nd6
{[%clk 0:04:40]} Qxb3 {[%clk 0:05:18]} 36. exf5 {[%clk 0:05:03]} gxf5
{[%clk 0:05:34]} 37. Nxf5 {[%clk 0:04:27]} Qe6 {[%clk 0:05:39]} 38. Qd8+
{[%clk 0:04:47]} Kh7 {[%clk 0:06:02]} 39. Nxg7 {[%clk 0:04:43]} Kxg7
{[%clk 0:06:26]} 40. Bxb6 {[%clk 0:35:07]} Qf6 {[%clk 0:36:24]} 41. Qc7
{[%clk 0:35:22]} Qf4+ {[%clk 0:33:09]} 42. Kg1 {[%clk 0:35:24]} h5
{[%clk 0:31:54]} 43. Be3 {[%clk 0:35:20]} Qf5 {[%clk 0:30:33]} 44. Qd8
{[%clk 0:35:30]} Qf6 {[%clk 0:30:01]} 45. Qb8 {[%clk 0:35:54]} Qe6
{[%clk 0:27:42]} 46. Bc5 {[%clk 0:35:33]} Qe8 {[%clk 0:25:53]} 47. Qd6
{[%clk 0:35:20]} Qe6 {[%clk 0:25:56]} 48. Qf8+ {[%clk 0:34:38]} Kh7
{[%clk 0:26:12]} 49. Be3 {[%clk 0:33:54]} Qf6 {[%clk 0:26:01]} 50. Kh2
{[%clk 0:33:41]} Qe6 {[%clk 0:25:42]} 51. Qd8 {[%clk 0:32:55]} Qe8
{[%clk 0:24:48]} 52. Qg5 {[%clk 0:32:46]} Qe6 {[%clk 0:25:14]} 53. Bd2
{[%clk 0:31:58]} Bg6 {[%clk 0:23:56]} 54. Bc3 {[%clk 0:30:40]} e4
{[%clk 0:24:14]} 55. Qd8 {[%clk 0:29:47]} Qg8 {[%clk 0:20:59]} 56. Qf6
{[%clk 0:29:46]} Bf7 {[%clk 0:20:29]} 57. Bd4 {[%clk 0:28:17]} Bg6
{[%clk 0:20:52]} 58. Qe5 {[%clk 0:28:15]} Qf8 {[%clk 0:20:22]} 59. Bc3
{[%clk 0:27:39]} Kh6 {[%clk 0:20:28]} 60. Bd4 {[%clk 0:26:13]} Kh7
{[%clk 0:20:52]} 61. Qg5 {[%clk 0:26:02]} Qd6+ {[%clk 0:20:45]} 62. Be5
{[%clk 0:26:09]} Qf8 {[%clk 0:21:04]} 63. Kg1 {[%clk 0:25:50]} Qf5
{[%clk 0:21:11]} 64. Qe7+ {[%clk 0:26:10]} Qf7 {[%clk 0:21:38]} 65. Qd8
{[%clk 0:26:34]} Qg8 {[%clk 0:21:42]} 66. Qf6 {[%clk 0:27:01]} Bf7
{[%clk 0:21:47]} 67. Kh2 {[%clk 0:27:19]} Bg6 {[%clk 0:22:11]} 68. g4
{[%clk 0:25:53]} e3 {[%clk 0:18:52]} 69. fxe3 {[%clk 0:26:10]} Be4
{[%clk 0:17:25]} 70. g5 {[%clk 0:25:07]} Bg6 {[%clk 0:17:49]} 71. Kg3
{[%clk 0:23:38]} h4+ {[%clk 0:18:09]} 72. Kxh4 {[%clk 0:23:52]} 1-0

[Event "Team men PL"]
[Site "Sochi"]
[Date "2020.11.19"]
[Round "1.13"]
[White "Goryachkina, Aleksandra"]
[Black "Artemiev, Vladislav"]
[Result "1/2-1/2"]
[BlackElo "2708"]
[WhiteElo "2592"]
[LiveChessVersion "1.4.8"]

1. d4 {[%clk 1:30:52]} Nf6 {[%clk 1:30:44]} 2. c4 {[%clk 1:31:10]} g6
{[%clk 1:30:58]} 3. Nc3 {[%clk 1:31:02]} d5 {[%clk 1:31:12]} 4. cxd5
{[%clk 1:31:09]} Nxd5 {[%clk 1:31:29]} 5. e4 {[%clk 1:31:25]} Nxc3
{[%clk 1:31:43]} 6. bxc3 {[%clk 1:31:49]} Bg7 {[%clk 1:31:57]} 7. Nf3
{[%clk 1:31:57]} c5 {[%clk 1:31:49]} 8. Bb5+ {[%clk 1:30:46]} Nc6
{[%clk 1:31:38]} 9. O-O {[%clk 1:29:09]} O-O {[%clk 1:29:44]} 10. Ba3
{[%clk 1:27:49]} cxd4 {[%clk 1:29:38]} 11. Bxc6 {[%clk 1:27:53]} bxc6
{[%clk 1:29:56]} 12. cxd4 {[%clk 1:28:18]} Bg4 {[%clk 1:29:01]} 13. Bc5
{[%clk 1:27:51]} Re8 {[%clk 1:27:55]} 14. Rb1 {[%clk 1:26:47]} e5
{[%clk 1:27:42]} 15. dxe5 {[%clk 1:22:56]} Qa5 {[%clk 1:26:15]} 16. Qc2
{[%clk 1:22:13]} Bxf3 {[%clk 1:25:27]} 17. gxf3 {[%clk 1:22:37]} Qd8
{[%clk 1:22:03]} 18. Rfd1 {[%clk 1:20:07]} Qg5+ {[%clk 1:19:32]} 19. Kf1
{[%clk 1:19:04]} Bxe5 {[%clk 1:08:12]} 20. Rb7 {[%clk 1:05:55]} Rab8
{[%clk 1:01:29]} 21. Rdd7 {[%clk 1:01:08]} Rxb7 {[%clk 0:59:28]} 22. Rxb7
{[%clk 1:01:32]} Bxh2 {[%clk 0:50:41]} 23. Qb3 {[%clk 0:54:10]} Qf6
{[%clk 0:49:58]} 24. Bxa7 {[%clk 0:47:54]} h5 {[%clk 0:40:28]} 25. Bd4
{[%clk 0:31:03]} Be5 {[%clk 0:40:36]} 26. Bxe5 {[%clk 0:23:56]} Rxe5
{[%clk 0:40:58]} 27. Rb8+ {[%clk 0:23:10]} Kg7 {[%clk 0:32:15]} 28. Qa3
{[%clk 0:16:11]} c5 {[%clk 0:29:14]} 29. Qb2 {[%clk 0:13:56]} h4 {[%clk 0:23:32]}
30. Ra8 {[%clk 0:11:59]} Kh6 {[%clk 0:06:00]} 31. Qb8 {[%clk 0:08:50]} Rh5
{[%clk 0:02:23]} 32. Qf8+ {[%clk 0:04:00]} Qg7 {[%clk 0:02:41]} 33. Qxg7+
{[%clk 0:03:57]} Kxg7 {[%clk 0:03:05]} 34. Kg2 {[%clk 0:04:01]} c4
{[%clk 0:02:06]} 35. Rc8 {[%clk 0:04:04]} Ra5 {[%clk 0:02:28]} 36. Rxc4
{[%clk 0:04:07]} Rxa2 {[%clk 0:02:52]} 37. e5 {[%clk 0:03:00]} h3+
{[%clk 0:00:48]} 38. Kxh3 {[%clk 0:03:22]} Rxf2 {[%clk 0:01:12]} 39. Kg3
{[%clk 0:03:47]} Re2 {[%clk 0:01:21]} 40. f4 {[%clk 0:34:11]} Re1
{[%clk 0:31:31]} 1/2-1/2

[Event "Team men PL"]
[Site "Sochi"]
[Date "2020.11.19"]
[Round "1.20"]
[White "Predke, Alexandr"]
[Black "Shubin, Kirill"]
[Result "1/2-1/2"]
[BlackElo "2441"]
[WhiteElo "2696"]
[LiveChessVersion "1.4.8"]

1. d4 {[%clk 1:30:37]} e6 {[%clk 1:30:53]} 2. c4 {[%clk 1:31:03]} Nf6
{[%clk 1:31:20]} 3. Nf3 {[%clk 1:31:29]} b6 {[%clk 1:31:42]} 4. g3
{[%clk 1:31:53]} Bb7 {[%clk 1:32:08]} 5. Bg2 {[%clk 1:32:19]} Be7
{[%clk 1:32:31]} 6. O-O {[%clk 1:32:34]} O-O {[%clk 1:32:56]} 7. Nc3
{[%clk 1:32:58]} Ne4 {[%clk 1:33:21]} 8. Qc2 {[%clk 1:33:25]} Nxc3
{[%clk 1:33:27]} 9. Qxc3 {[%clk 1:33:48]} c5 {[%clk 1:31:50]} 10. Rd1
{[%clk 1:33:42]} cxd4 {[%clk 1:22:51]} 11. Qxd4 {[%clk 1:33:45]} Bf6
{[%clk 1:18:31]} 12. Qd3 {[%clk 1:29:58]} d5 {[%clk 1:09:15]} 13. Qb1
{[%clk 1:20:09]} Qe7 {[%clk 1:02:12]} 14. cxd5 {[%clk 1:17:45]} exd5
{[%clk 1:02:38]} 15. Be3 {[%clk 1:15:36]} Nc6 {[%clk 0:57:56]} 16. Qc2
{[%clk 0:44:27]} Rac8 {[%clk 0:54:26]} 17. Qd2 {[%clk 0:43:16]} d4
{[%clk 0:49:23]} 18. Nxd4 {[%clk 0:22:41]} Nxd4 {[%clk 0:49:08]} 19. Bxd4
{[%clk 0:23:07]} Bxd4 {[%clk 0:49:34]} 20. Qxd4 {[%clk 0:23:33]} Bxg2
{[%clk 0:49:55]} 21. Kxg2 {[%clk 0:24:02]} Qxe2 {[%clk 0:50:17]} 22. Rd2
{[%clk 0:23:47]} Qe7 {[%clk 0:48:59]} 23. Rad1 {[%clk 0:23:23]} Rfe8
{[%clk 0:47:37]} 24. Qg4 {[%clk 0:16:08]} g6 {[%clk 0:42:31]} 25. Rd7
{[%clk 0:16:01]} Qe6 {[%clk 0:41:25]} 26. Qf3 {[%clk 0:10:07]} Re7
{[%clk 0:40:06]} 27. Qb7 {[%clk 0:06:39]} Rce8 {[%clk 0:39:12]} 28. b3
{[%clk 0:05:24]} h5 {[%clk 0:37:32]} 29. h4 {[%clk 0:05:45]} Qf6 {[%clk 0:36:11]}
30. R1d3 {[%clk 0:02:32]} Rxd7 {[%clk 0:32:50]} 31. Qxd7 {[%clk 0:02:57]} Re7
{[%clk 0:33:16]} 32. Qd8+ {[%clk 0:00:39]} Kg7 {[%clk 0:33:42]} 33. Rf3
{[%clk 0:00:57]} Qe6 {[%clk 0:34:08]} 34. Qd4+ {[%clk 0:01:17]} Qe5
{[%clk 0:34:25]} 35. Qc4 {[%clk 0:01:00]} Qe4 {[%clk 0:34:20]} 36. Qc3+
{[%clk 0:01:08]} Qe5 {[%clk 0:34:45]} 37. Qc4 {[%clk 0:01:22]} Qe4
{[%clk 0:35:10]} 38. Qc3+ {[%clk 0:01:49]} Qe5 {[%clk 0:35:36]} 39. Qc4
{[%clk 0:02:16]} Qe4 {[%clk 0:36:03]} 40. Qc3+ {[%clk 0:32:43]} Qe5
{[%clk 1:06:30]} 41. Qc4 {[%clk 0:33:09]} 1/2-1/2

[Event "Team men PL"]
[Site "Sochi"]
[Date "2020.11.19"]
[Round "1.21"]
[White "Timerkhanov, Alexander"]
[Black "Esipenko, Andrey"]
[Result "1/2-1/2"]
[BlackElo "2683"]
[WhiteElo "2379"]
[LiveChessVersion "1.4.8"]

1. d4 {[%clk 1:30:57]} Nf6 {[%clk 1:30:11]} 2. Bg5 {[%clk 1:31:20]} e6
{[%clk 1:29:37]} 3. Nd2 {[%clk 1:31:44]} h6 {[%clk 1:29:15]} 4. Bh4
{[%clk 1:32:07]} d5 {[%clk 1:29:22]} 5. e3 {[%clk 1:32:24]} c5 {[%clk 1:28:58]}
6. c3 {[%clk 1:32:47]} Nc6 {[%clk 1:28:41]} 7. Ngf3 {[%clk 1:32:09]} Be7
{[%clk 1:16:35]} 8. Bd3 {[%clk 1:32:05]} Nd7 {[%clk 1:16:57]} 9. Bg3
{[%clk 1:31:36]} b6 {[%clk 1:16:29]} 10. Qe2 {[%clk 1:31:13]} Bb7
{[%clk 1:16:35]} 11. a3 {[%clk 1:31:07]} c4 {[%clk 1:16:23]} 12. Bc2
{[%clk 1:31:21]} f5 {[%clk 1:16:50]} 13. Ne5 {[%clk 1:14:41]} Ncxe5
{[%clk 1:13:01]} 14. Bxe5 {[%clk 1:14:31]} Nxe5 {[%clk 1:13:26]} 15. dxe5
{[%clk 1:14:55]} b5 {[%clk 1:13:03]} 16. Qh5+ {[%clk 1:11:02]} Kd7
{[%clk 1:13:25]} 17. Nf3 {[%clk 1:07:34]} Qe8 {[%clk 1:10:43]} 18. Qxe8+
{[%clk 1:07:27]} Rhxe8 {[%clk 1:10:33]} 19. Nd4 {[%clk 1:07:41]} a6
{[%clk 1:10:45]} 20. h3 {[%clk 1:06:41]} Rf8 {[%clk 1:07:38]} 21. Ke2
{[%clk 0:56:17]} Rab8 {[%clk 1:02:47]} 22. f4 {[%clk 0:51:48]} Bc5
{[%clk 0:57:49]} 23. Rhg1 {[%clk 0:48:05]} h5 {[%clk 0:32:42]} 24. g4
{[%clk 0:46:58]} hxg4 {[%clk 0:33:03]} 25. hxg4 {[%clk 0:47:20]} Bxd4
{[%clk 0:33:30]} 26. exd4 {[%clk 0:47:23]} g6 {[%clk 0:33:54]} 27. gxf5
{[%clk 0:47:29]} gxf5 {[%clk 0:33:22]} 28. Rg7+ {[%clk 0:45:27]} Kc6
{[%clk 0:33:20]} 29. Rg6 {[%clk 0:44:41]} Bc8 {[%clk 0:30:22]} 30. Rh1
{[%clk 0:43:25]} Kb7 {[%clk 0:25:48]} 31. Rh7+ {[%clk 0:42:50]} Ka8
{[%clk 0:25:50]} 32. Rgg7 {[%clk 0:41:58]} Rb6 {[%clk 0:23:20]} 33. Kd2
{[%clk 0:34:06]} Kb8 {[%clk 0:21:28]} 34. Rh6 {[%clk 0:31:45]} Rb7
{[%clk 0:19:38]} 35. Rxb7+ {[%clk 0:29:41]} Kxb7 {[%clk 0:20:01]} 36. Ke3
{[%clk 0:29:28]} Rg8 {[%clk 0:20:06]} 37. Kf2 {[%clk 0:29:53]} Rg7
{[%clk 0:18:34]} 38. Bd1 {[%clk 0:30:04]} a5 {[%clk 0:15:13]} 39. Rh8
{[%clk 0:26:58]} Bd7 {[%clk 0:09:30]} 40. Bf3 {[%clk 0:56:55]} 1/2-1/2

[Event "Team men PL"]
[Site "Sochi"]
[Date "2020.11.19"]
[Round "1.23"]
[White "Askerov, Marat"]
[Black "Popov, Ivan"]
[Result "1/2-1/2"]
[BlackElo "2636"]
[WhiteElo "2338"]
[LiveChessVersion "1.4.8"]

1. d4 {[%clk 1:30:57]} Nf6 {[%clk 1:30:50]} 2. c4 {[%clk 1:31:21]} e6
{[%clk 1:31:14]} 3. Nf3 {[%clk 1:31:45]} b6 {[%clk 1:31:16]} 4. g3
{[%clk 1:32:08]} Ba6 {[%clk 1:31:09]} 5. Qb3 {[%clk 1:32:10]} Nc6
{[%clk 1:29:44]} 6. Nbd2 {[%clk 1:32:33]} d5 {[%clk 1:28:22]} 7. Bg2
{[%clk 1:31:16]} Bd6 {[%clk 1:27:38]} 8. Qa4 {[%clk 1:30:22]} Bb7
{[%clk 1:26:34]} 9. cxd5 {[%clk 1:30:45]} exd5 {[%clk 1:26:51]} 10. Nc4
{[%clk 1:30:22]} dxc4 {[%clk 1:25:29]} 11. Ne5 {[%clk 1:30:45]} Bb4+
{[%clk 1:25:38]} 12. Kf1 {[%clk 1:31:07]} O-O {[%clk 1:25:55]} 13. Nxc6
{[%clk 1:31:31]} Qe8 {[%clk 1:26:05]} 14. Qxb4 {[%clk 1:31:34]} Bxc6
{[%clk 1:26:25]} 15. Qxc4 {[%clk 1:32:01]} Bb5 {[%clk 1:26:20]} 16. Qc2
{[%clk 1:32:24]} Rd8 {[%clk 1:26:44]} 17. a4 {[%clk 1:32:07]} Ba6
{[%clk 1:23:50]} 18. Be3 {[%clk 1:32:26]} Nd5 {[%clk 1:20:36]} 19. Ra3
{[%clk 1:32:20]} Qe6 {[%clk 1:14:04]} 20. h4 {[%clk 1:12:58]} Qg4
{[%clk 0:59:27]} 21. Kg1 {[%clk 0:48:16]} Nxe3 {[%clk 0:36:53]} 22. Rxe3
{[%clk 0:48:25]} Qxd4 {[%clk 0:37:16]} 23. Qxc7 {[%clk 0:36:35]} Qxb2
{[%clk 0:34:20]} 24. Kh2 {[%clk 0:32:06]} Qf6 {[%clk 0:28:19]} 25. Bf3
{[%clk 0:22:28]} Bxe2 {[%clk 0:26:23]} 26. Kg2 {[%clk 0:11:54]} Bxf3+
{[%clk 0:17:37]} 27. Rxf3 {[%clk 0:12:16]} Qe6 {[%clk 0:15:46]} 28. Qxa7
{[%clk 0:06:41]} Qc6 {[%clk 0:14:54]} 29. Qa6 {[%clk 0:06:00]} Rd5
{[%clk 0:12:30]} 30. Rb1 {[%clk 0:03:34]} Rf5 {[%clk 0:10:47]} 31. Rbb3
{[%clk 0:03:14]} Rxf3 {[%clk 0:07:38]} 32. Rxf3 {[%clk 0:03:38]} Ra8
{[%clk 0:07:32]} 33. Qd3 {[%clk 0:02:41]} g6 {[%clk 0:06:35]} 34. Qb3
{[%clk 0:02:56]} Qb7 {[%clk 0:05:09]} 35. Kh2 {[%clk 0:02:18]} Rxa4
{[%clk 0:05:05]} 36. Rxf7 {[%clk 0:00:37]} Qxf7 {[%clk 0:05:10]} 37. Qxa4
{[%clk 0:01:02]} Qxf2+ {[%clk 0:05:34]} 38. Kh3 {[%clk 0:01:25]} Qf1+
{[%clk 0:02:36]} 39. Kh2 {[%clk 0:01:51]} Qe2+ {[%clk 0:03:02]} 40. Kh3
{[%clk 0:31:49]} Qe6+ {[%clk 0:32:46]} 41. Kh2 {[%clk 0:32:14]} h5
{[%clk 0:19:03]} 42. Qa8+ {[%clk 0:29:59]} Kg7 {[%clk 0:17:47]} 43. Qa7+
{[%clk 0:28:53]} Kf6 {[%clk 0:17:22]} 44. Qb8 {[%clk 0:25:54]} Qe2+
{[%clk 0:15:43]} 45. Kh3 {[%clk 0:22:13]} Qe6+ {[%clk 0:16:03]} 46. Kh2
{[%clk 0:22:37]} Qc6 {[%clk 0:16:25]} 47. Qf4+ {[%clk 0:21:30]} Ke6
{[%clk 0:16:33]} 48. Qe3+ {[%clk 0:21:46]} Kf7 {[%clk 0:05:24]} 49. Qf4+
{[%clk 0:22:00]} Kg8 {[%clk 0:05:38]} 50. Qb8+ {[%clk 0:21:22]} Kh7
{[%clk 0:06:00]} 51. Qa7+ {[%clk 0:20:59]} Kh6 {[%clk 0:06:28]} 52. Qa1
{[%clk 0:20:15]} Qc2+ {[%clk 0:06:42]} 53. Kg1 {[%clk 0:19:37]} Qc5+
{[%clk 0:06:32]} 54. Kh2 {[%clk 0:19:44]} Qf2+ {[%clk 0:03:05]} 55. Kh3
{[%clk 0:19:01]} Qf5+ {[%clk 0:02:09]} 56. Kh2 {[%clk 0:19:24]} Qc2+
{[%clk 0:01:56]} 57. Kg1 {[%clk 0:19:47]} Qc5+ {[%clk 0:01:54]} 58. Kh2
{[%clk 0:20:09]} Kh7 {[%clk 0:02:06]} 59. Qa7+ {[%clk 0:19:51]} Kg8
{[%clk 0:02:35]} 60. Qb8+ {[%clk 0:20:04]} Kg7 {[%clk 0:02:44]} 61. Qa7+
{[%clk 0:19:55]} Kf6 {[%clk 0:03:01]} 62. Qa1+ {[%clk 0:19:53]} Ke6
{[%clk 0:02:48]} 63. Qe1+ {[%clk 0:16:24]} Kd7 {[%clk 0:02:50]} 64. Qd2+
{[%clk 0:14:22]} Kc8 {[%clk 0:01:44]} 65. Qa2 {[%clk 0:14:19]} Qf5
{[%clk 0:01:02]} 66. Qa8+ {[%clk 0:13:29]} Kc7 {[%clk 0:01:31]} 67. Qa7+
{[%clk 0:13:53]} Kc6 {[%clk 0:02:00]} 68. Qa8+ {[%clk 0:14:11]} Kb5
{[%clk 0:01:30]} 69. Qe8+ {[%clk 0:13:31]} Ka5 {[%clk 0:01:45]} 70. Qe1+
{[%clk 0:13:35]} Ka6 {[%clk 0:01:41]} 71. Qa1+ {[%clk 0:13:07]} Kb7
{[%clk 0:01:24]} 72. Qg7+ {[%clk 0:13:30]} Kc6 {[%clk 0:01:49]} 73. Qc3+
{[%clk 0:13:39]} Qc5 {[%clk 0:01:58]} 74. Qf6+ {[%clk 0:12:24]} Qd6
{[%clk 0:02:20]} 75. Qf3+ {[%clk 0:12:43]} Kb5 {[%clk 0:01:31]} 76. Qb3+
{[%clk 0:12:50]} Ka5 {[%clk 0:01:34]} 77. Qa2+ {[%clk 0:13:03]} Kb4
{[%clk 0:01:45]} 78. Qb2+ {[%clk 0:13:26]} Kc4 {[%clk 0:02:10]} 79. Qc2+
{[%clk 0:13:40]} Kd4 {[%clk 0:02:31]} 80. Qd2+ {[%clk 0:13:53]} Ke5
{[%clk 0:02:55]} 81. Qf4+ {[%clk 0:13:34]} Ke6 {[%clk 0:03:15]} 82. Qe4+
{[%clk 0:13:56]} Kd7 {[%clk 0:02:27]} 83. Qb7+ {[%clk 0:14:08]} Kd8
{[%clk 0:02:55]} 84. Qa8+ {[%clk 0:14:14]} Kc7 {[%clk 0:03:24]} 85. Qa7+
{[%clk 0:14:07]} Kc6 {[%clk 0:03:52]} 86. Qa8+ {[%clk 0:14:24]} Kb5
{[%clk 0:04:12]} 87. Qe8+ {[%clk 0:14:13]} Kc4 {[%clk 0:02:46]} 88. Qa4+
{[%clk 0:14:05]} Kc3 {[%clk 0:02:37]} 89. Qa1+ {[%clk 0:14:09]} Kd2
{[%clk 0:02:59]} 90. Qb2+ {[%clk 0:14:10]} Ke3 {[%clk 0:03:13]} 91. Qb3+
{[%clk 0:14:15]} 1/2-1/2

[Event "Team men PL"]
[Site "Sochi"]
[Date "2020.11.19"]
[Round "1.25"]
[White "Andreikin, Dmitry"]
[Black "Triapishko, Alexandr"]
[Result "1-0"]
[BlackElo "2506"]
[WhiteElo "2726"]
[LiveChessVersion "1.4.8"]

1. e4 {[%clk 1:30:54]} e5 {[%clk 1:30:49]} 2. Nf3 {[%clk 1:31:14]} Nc6
{[%clk 1:31:10]} 3. d4 {[%clk 1:31:35]} exd4 {[%clk 1:31:25]} 4. Nxd4
{[%clk 1:31:57]} Bc5 {[%clk 1:30:26]} 5. Be3 {[%clk 1:31:50]} Qf6
{[%clk 1:28:07]} 6. c3 {[%clk 1:31:58]} Nge7 {[%clk 1:23:36]} 7. Bb5
{[%clk 1:32:13]} Bb6 {[%clk 1:18:20]} 8. O-O {[%clk 1:32:33]} O-O
{[%clk 1:15:39]} 9. a4 {[%clk 1:32:58]} Qg6 {[%clk 0:54:06]} 10. Bd3
{[%clk 1:18:57]} Bxd4 {[%clk 0:40:33]} 11. cxd4 {[%clk 1:17:46]} Nb4
{[%clk 0:39:20]} 12. Nc3 {[%clk 1:18:02]} Nxd3 {[%clk 0:32:47]} 13. Qxd3
{[%clk 1:17:56]} d5 {[%clk 0:33:10]} 14. f3 {[%clk 1:18:23]} c6 {[%clk 0:28:29]}
15. Qd2 {[%clk 1:17:57]} Be6 {[%clk 0:18:43]} 16. e5 {[%clk 1:13:54]} a5
{[%clk 0:12:13]} 17. Ne2 {[%clk 1:09:56]} f6 {[%clk 0:11:41]} 18. Bf4
{[%clk 0:49:43]} Bf5 {[%clk 0:03:28]} 19. Rfe1 {[%clk 0:45:25]} fxe5
{[%clk 0:02:11]} 20. Bxe5 {[%clk 0:45:44]} Qf7 {[%clk 0:02:26]} 21. Bd6
{[%clk 0:33:32]} Qf6 {[%clk 0:01:29]} 22. Bc7 {[%clk 0:26:44]} Ng6
{[%clk 0:01:43]} 23. Ng3 {[%clk 0:27:09]} Nh4 {[%clk 0:00:42]} 24. Ra3
{[%clk 0:24:31]} Rfe8 {[%clk 0:00:33]} 25. Be5 {[%clk 0:23:54]} Qf7
{[%clk 0:00:32]} 26. Qf4 {[%clk 0:23:26]} Nxg2 {[%clk 0:00:37]} 27. Kxg2
{[%clk 0:23:04]} Bh3+ {[%clk 0:01:03]} 28. Kf2 {[%clk 0:23:18]} Qg6
{[%clk 0:01:09]} 29. Qh4 {[%clk 0:22:31]} Bd7 {[%clk 0:01:00]} 30. Nh5
{[%clk 0:20:30]} c5 {[%clk 0:00:43]} 31. Nxg7 {[%clk 0:19:51]} Rf8
{[%clk 0:00:43]} 32. Nh5 {[%clk 0:19:32]} 1-0